Churn prediction model for Pakistan telecom company using machine learning (Record no. 12980)
[ view plain ]
| 000 -LEADER | |
|---|---|
| fixed length control field | 00420nam a22001217a 4500 |
| 082 ## - DEWEY DECIMAL CLASSIFICATION NUMBER | |
| Classification number | BESE-1 FAI |
| 100 ## - MAIN ENTRY--PERSONAL NAME | |
| Personal name | Faizan Ahmed |
| 9 (RLIN) | 15302 |
| 245 ## - TITLE STATEMENT | |
| Title | Churn prediction model for Pakistan telecom company using machine learning |
| 260 ## - PUBLICATION, DISTRIBUTION, ETC. | |
| Place of publication, distribution, etc. | NUST SEECS Islamabad |
| Name of publisher, distributor, etc. | NUST SEECS Islamabad |
| Date of publication, distribution, etc. | 2014 |
| 500 ## - GENERAL NOTE | |
| General note | Supervisor ;DR Ali Mustafa Qamar |
| 856 ## - ELECTRONIC LOCATION AND ACCESS | |
| Uniform Resource Identifier | <a href="http://10.250.8.41:8080/xmlui/handle/123456789/7980">http://10.250.8.41:8080/xmlui/handle/123456789/7980</a> |
| 942 ## - ADDED ENTRY ELEMENTS (KOHA) | |
| Koha item type | Book |
| Source of classification or shelving scheme | |
| Withdrawn status | Lost status | Source of classification or shelving scheme | Damaged status | Not for loan | Permanent Location | Current Location | Shelving location | Date acquired | Total Checkouts | Full call number | Barcode | Date last seen | Date last checked out | Price effective from | Koha item type |
|---|---|---|---|---|---|---|---|---|---|---|---|---|---|---|---|
| WITHDRAWN | Central Library (CL) | Central Library (CL) | General Stacks | 10/13/2014 | 1 | BESE-1 FAI | SEECSP01517 | 01/19/2015 | 12/15/2014 | 10/13/2014 | Project Report |
